Quick True/False: World Capitals V Quiz Stats

 Plays Quiz Updated Oct 28, 2017

Challenge
Share
Tweet
Embed
Score 0/12 Timer 00:30
5 Plays Today
Question Answer Wrong Answers
Kuwait City is the capital of Kuwait. True
77.3%
False
5.8%
Tallinn is the capital of Estonia. True
74.4%
False
8.4%
Kandahar is the capital of Afghanistan. False
71.9%
True
10.6%
Kraków is the capital of Poland. False
70.5%
True
12.5%
Asunción is the capital of Paraguay. True
70.1%
False
12.3%
Geneva is the capital of Switzerland. False
69.3%
True
13.8%
San Pedro Sula is the capital of Honduras. False
67.5%
True
14.5%
Lusaka is the capital of Zambia. True
60.2%
False
21.9%
Bujumbura is the capital of Burundi. True
59%
False
22.6%
Koinawa is the capital of Kiribati. False
57.4%
True
24.1%
Castries is the capital of Saint Lucia. True
55.4%
False
26%
Douala is the capital of Cameroon. False
54.8%
True
26.8%

You're not logged in!

Compare scores with friends on all Sporcle quizzes.
Join for Free
OR
Log In

You Might Also Like...

Show Comments

Extras

Top Quizzes Today


Score Distribution

Your Account Isn't Verified!

In order to create a playlist on Sporcle, you need to verify the email address you used during registration. Go to your Sporcle Settings to finish the process.

Report this User

Report this user for behavior that violates our Community Guidelines.

Details: